On the abyss : (Record no. 65740)

MARC details
000 -LEADER
fixed length control field 00518nam a22001457a 4500
005 - DATE AND TIME OF LATEST TRANSACTION
control field 20120427131413.0
020 ## - INTERNATIONAL STANDARD BOOK NUMBER
International Standard Book Number 8172233892
Terms of availability 195.00
035 ## - SYSTEM CONTROL NUMBER
System control number A-997676
037 ## - SOURCE OF ACQUISITION
Stock number DPL
Source of stock number/acquisition ENG
245 ## - TITLE STATEMENT
Title On the abyss :
Remainder of title Pakistan after the coup /
260 ## - PUBLICATION, DISTRIBUTION, ETC. (IMPRINT)
Place of publication, distribution, etc New Delhi
Name of publisher, distributor, etc HarperCollins Publishers India
Date of publication, distribution, etc 2000
300 ## - PHYSICAL DESCRIPTION
Extent ix, 280p.
Dimensions 20 cms.
942 ## - ADDED ENTRY ELEMENTS (KOHA)
Source of classification or shelving scheme Dewey Decimal Classification
Item type English Books
Classification part 320.9547
Call number suffix ONT
Holdings
Withdrawn status Lost status Not for loan Collection code Home library Current library Date acquired Cost, normal purchase price Full call number Barcode Cost, replacement price Koha item type
      Non-fiction Sarojini Nagar Sarojini Nagar 27/04/2012 195.00 320.9547 ONT A-997676 195.00 English Books

© Delhi Public Library
Hit Counter
free hit counter